Misión olvido / (Registro nro. 2751)
[ vista simple ]
| 000 -LEADER | |
|---|---|
| campo de control de longitud fija | 00596nam a22002057a 4500 |
| 001 - NÚMERO DE CONTROL | |
| campo de control | 2751 |
| 003 - IDENTIFICADOR DE NÚMERO DE CONTROL | |
| campo de control | HMS |
| 005 - FECHA Y HORA DE LA ÚLTIMA TRANSACCIÓN | |
| campo de control | 20250908150428.0 |
| 008 - DATOS DE LONGITUD FIJA--INFORMACIÓN GENERAL | |
| campo de control de longitud fija | 250908e2012 cl |||gr|||| 00| f spa |
| 020 ## - NÚMERO INTERNACIONAL ESTÁNDAR DEL LIBRO | |
| Número Internacional Estándar del Libro | 9788499981789 |
| 040 ## - FUENTE DE CATALOGACIÓN | |
| Centro catalogador/agencia de origen | hms |
| Lengua de catalogación | spa |
| Centro/agencia transcriptor | hms |
| 082 04 - NÚMERO DE LA CLASIFICACIÓN DECIMAL DEWEY | |
| Número de clasificación | 863 |
| Número de ítem | D852 |
| 100 1# - ENTRADA PRINCIPAL--NOMBRE DE PERSONA | |
| Nombre de persona | Misión olvido / |
| Término indicativo de función/relación | María Dueñas. |
| 9 (RLIN) | 4211 |
| 245 10 - MENCIÓN DEL TÍTULO | |
| Título | Misión olvido / |
| Mención de responsabilidad, etc. | María Dueñas. |
| Medio | [libro] |
| 250 ## - MENCION DE EDICION | |
| Mención de edición | Tercera reimpresión : noviembre de 2012 |
| 260 ## - PUBLICACIÓN, DISTRIBUCIÓN, ETC. | |
| Lugar de publicación, distribución, etc. | España : |
| Nombre del editor, distribuidor, etc. | Ediciones Planeta Madrid, |
| Fecha de publicación, distribución, etc. | 2012 |
| 300 ## - DESCRIPCIÓN FÍSICA | |
| Extensión | 511 páginas ; |
| Dimensiones | 24 cm. |
| 490 1# - MENCIÓN DE SERIE | |
| Mención de serie | Temas de Hoy TH NOVELA |
| 942 ## - ELEMENTOS DE ENTRADA SECUNDARIOS (KOHA) | |
| Fuente del sistema de clasificación o colocación | Clasificación Decimal Dewey |
| Tipo de ítem Koha | Colección General |
| Suprimir en OPAC | No |
| Estatus retirado | Estado de pérdida | Fuente del sistema de clasificación o colocación | Estado de daño | No para préstamo | Colección | Biblioteca de origen | Biblioteca actual | Ubicación en estantería | Fecha de adquisición | Fuente de adquisición | Número de inventario | Total de préstamos | Signatura topográfica completa | Código de barras | Visto por última vez | Copia número | Precio de reemplazo | Tipo de ítem Koha |
|---|---|---|---|---|---|---|---|---|---|---|---|---|---|---|---|---|---|---|
| Clasificación Decimal Dewey | Colección General | Biblioteca Hospital Militar de Santiago | Biblioteca Hospital Militar de Santiago | Exhibido | 05/09/2025 | Donación | 001944 | 863 D852 1ªed. 2012 | 001944 | 08/09/2025 | c.1 | 06/12/2023 | Colección General |
